Integrating biodiversity conservation and sustainable use : lessons learned from ecological networks
Αποθηκεύτηκε σε:
| Κύριος συγγραφέας: | |
|---|---|
| Μορφή: | Βιβλίο |
| Γλώσσα: | English |
| Δημοσίευση: |
Gland :
IUCN - World Conservation Union,
2004
|
| Θέματα: | |
| Ετικέτες: |
Προσθήκη ετικέτας
Δεν υπάρχουν, Καταχωρήστε ετικέτα πρώτοι!
|
MARC
| LEADER | 00000nam a2200000 i 4500 | ||
|---|---|---|---|
| 001 | 1/87650 | ||
| 008 | 080604s2004 eng d | ||
| 020 | |a 2-8317-0765-X | ||
| 035 | |l 10097924 | ||
| 040 | |a GR-MY-UA |b gre |e aacr | ||
| 041 | 0 | |a eng | |
| 082 | 0 | |a 333.9516 |2 (22) | |
| 100 | 1 | |a Bennett, Graham. | |
| 245 | 1 | 0 | |a Integrating biodiversity conservation and sustainable use : |b lessons learned from ecological networks / |c Graham Bennett |
| 260 | |a Gland : |b IUCN - World Conservation Union, |c 2004 | ||
| 300 | |a v, 55 σ.; |b έγχρ., είκ.; |c 24 εκ. | ||
| 650 | 0 | 0 | |a Biodiversity conservation. |
| 650 | 0 | 0 | |a Sustainable development. |
| 852 | |a INST |b LESVOS |e 20080604 |h 333.9516 BEN |p 005100042595 |q 005100042595 |t BK |y 0 | ||
| 901 | |a BIBL1-2008-2 | ||
| 909 | |a Λ |b 151382 | ||
| 922 | |a 1ΕΛΗ |b 200803 |c ΕΠΕΑΕΚ2/ΤΓ |d ΕΛΕΥΘΕΡΟΥΔΑΚΗΣ | ||
| 970 | |a ΧΑΤΖΗΜΙΧΑΗΛ |b ΜΑΡΙΑ |z 2008/06/04 | ||